logo

Bir Sreshtho Munshi Abdur Rouf Library
Jhenaidah Cadet College

শূন্য থেকে শ' / (Record no. 2090)

MARC details
000 -LEADER
fixed length control field 00678nam a2200241 a 4500
001 - CONTROL NUMBER
JCCL Control Number 2090
003 - CONTROL NUMBER IDENTIFIER
JCCL marc code BD-JhCC
005 - DATE AND TIME OF LATEST TRANSACTION
control field 20171030083423.0
008 - FIXED-LENGTH DATA ELEMENTS--GENERAL INFORMATION
fixed length control field 171029s2004 bg |||| ||a| 000 0 ben d
020 ## - INTERNATIONAL STANDARD BOOK NUMBER
International Standard Book Number 9844018064
Terms of availability ISL 2004
035 ## - SYSTEM CONTROL NUMBER
system control number (BD-JhCC)2090
040 ## - CATALOGING SOURCE
Original cataloging agency BD-JhCC
Modifying agency BD-JhCC
041 ## - LANGUAGE CODE
Language code of Book eng
082 ## - DEWEY DECIMAL CLASSIFICATION NUMBER
Classification number 923.1
Author mark and Year ISL 2004
100 ## - MAIN ENTRY--PERSONAL NAME
Personal name ইসলাম, নূরুল
245 ## - TITLE STATEMENT
Title শূন্য থেকে শ' /
Statement of responsibility, etc নূরুল ইসলাম
260 ## - PUBLICATION, DISTRIBUTION, ETC. (IMPRINT)
Place of publication, distribution, etc ঢাকা :
Name of publisher, distributor, etc আগামী প্রকাশনী,
Date of publication, distribution, etc 2004.
300 ## - PHYSICAL DESCRIPTION
Pagination 135 p. :
Dimensions 22 cm.
600 ## - SUBJECT ADDED ENTRY--PERSONAL NAME
Personal name Islam, Nurul
650 ## - SUBJECT ADDED ENTRY--TOPICAL TERM
Topical term or geographic name as entry element Autobiography
942 ## - ADDED ENTRY ELEMENTS (KOHA)
Source of classification or shelving scheme Dewey Decimal Classification
Koha item type Books
Holdings
Source of classification or shelving scheme Damaged status Not for loan Home library Current library Shelving location Date of accession Cost, normal purchase price Total Checkouts Full call number Barcode Date last seen Copy number Koha item type
Dewey Decimal Classification     JCC Rouf Library JCC Rouf Library General Stacks 10/29/2017 150.00   923.1 ISL 2004 2322 10/29/2017 C-1 Books

JCC Library | Contacts | JCC Home

Last Update on 23 September 2017
Copyright @ 2017-2020 JCC Rouf Library
Rouf Library, Jhenidah Cadet College (JCC), Bangladesh